[Event "IX EICC"]
[Site "Plovdiv BUL"]
[Date "2008.04.22"]
[Round "2"]
[White "Kotanjian,T"]
[Black "Fressinet,L"]
[Result "1/2-1/2"]
[WhiteElo "2570"]
[BlackElo "2656"]

1.d4 d5 2.c4 c6 3.Nf3 Nf6 4.Nc3 dxc4 5.a4 Bf5 6.Ne5 Nbd7 7.Nxc4 Qc7 8.g3 e5
9.dxe5 Nxe5 10.Bf4 Nfd7 11.Bg2 g5 12.Ne3 gxf4 13.Nxf5 O-O-O 14.Qc2 Nc5 15.O-O fxg3
16.hxg3 a5 17.Ne4 Nxe4 18.Bxe4 Bb4 19.Rad1 h5 20.Kg2 Ng6 21.Ne3 Ne5 22.Rh1 Kb8
23.Rxd8+ Qxd8 24.Bf3 h4 25.Qf5 Bd6 26.b3 hxg3 27.Rxh8 Qxh8 28.fxg3 Qg7 29.Ng4 Nxg4
30.Qxg4 Qe5 31.Qf4 Qe6 32.Qc4 Qg6 33.Qg4 Qf6 34.Qh4 Qe5 35.Qf4 Qe7 36.Qh4 f6
37.Qd4 Be5 38.Qd3 Bc7 39.Bg4 Qe5 40.Qf3 Bd6 41.Bf5 Kc7 42.Qd3 Kb8 43.Kh3 Ka7
44.Kg2 Bc7 45.Kh3 Qc5 46.Kg2 Bb6 47.Qf3 Qg1+ 48.Kh3 Bc7 49.Kg4 Be5 50.Kh3 Kb6
51.Bc8 Kc7 52.Bf5 Kb8 53.Be6 Ka7 54.Bf5 Kb6 55.Bc8 Qc1 56.Kg2 Qg5 57.Qd3 Qg8
58.Bf5 Kc5 59.Bh7 Qg5 60.Qc4+ Kb6 61.Qd3 Ka7 62.Bg6 Bc7 63.Be4 Qe5 64.Bf5 Bb6
65.Bc8 Kb8 66.Bf5 Qc5 67.Qf3 Qg1+ 68.Kh3 Bd4 69.Be6 Be5 70.Bf5 Kc7 71.Be6 Kb6  1/2-1/2

[Event "IX EICC"]
[Site "Plovdiv BUL"]
[Date "2008.04.22"]
[Round "2"]
[White "Stavrianakis,I"]
[Black "Milchev,N"]
[Result "1/2-1/2"]
[WhiteElo "2121"]
[BlackElo "2415"]

1.d4 d5 2.c4 c6 3.Nc3 Nf6 4.Nf3 dxc4 5.a4 Bf5 6.e3 e6 7.Bxc4 Nbd7 8.O-O Bb4
9.Qe2 Bg6 10.Na2 Bd6 11.b4 O-O 12.Bb2 Bh5 13.Qc2 Nd5 14.Bxd5 exd5 15.Ne5 f6
16.Nxd7 Qxd7 17.Qd2 Rae8 18.Bc3 g5 19.Rae1 Qc7 20.h3 g4 21.hxg4 Bxg4 22.Nc1 Rf7
23.f3 Bc8 24.Nd3 Bg3 25.Re2 Rfe7 26.e4 Bf5 27.Nf2 Bf4 28.Qd3 Bh2+ 29.Kh1 Qf4
30.g4 dxe4 31.fxe4 Bg6 32.Kg2 Qd6 33.Qf3 Bf4 34.Rfe1 Bg5 35.Qg3 Qd7 36.Kg1 h6
37.Qf3 Bh4 38.Kg2 Rg7 39.Rh1 Bg5 40.Nh3 Bf7 41.Nxg5 Rxg5 42.Rxh6 Qxg4+ 43.Qxg4 Rxg4+
44.Kf3 Rg6 45.Rxg6+ Bxg6 46.Kf4 Kf7 47.Re3 Rh8 48.e5 fxe5+ 49.Kxe5 Rd8 50.Kf4 Bc2
51.a5 Rd6 52.Re5 Rf6+ 53.Ke3 Rg6 54.d5 Ba4 55.dxc6 Bxc6 56.Bd4 a6 57.Kd2 Rg4
58.Bc5 Kf6 59.Re3 Be4 60.Kc3 Ke5 61.Rh3 Bc6 62.Re3+ Be4 63.Rh3 Kd5 64.Rh5+ Kc6
65.Rh6+ Kb5 66.Rb6+ Ka4 67.Kd4 Bc6+ 68.Ke5 Rg6 69.Kf5 Rh6 70.Ke5 Kb3 71.Be3 Rg6
72.Kf5 Rd6 73.Ke5 Rd5+ 74.Ke6 Kc4 75.Bc5 Rd8 76.Ke7 Rd2 77.Ke6 Rd5 78.Bf2 Kd3
79.Bg1 Ke4 80.Bc5 Rd3 81.Bf2 Rd8 82.b5 axb5 83.a6 Bd5+ 84.Ke7 Rg8 85.axb7 Bxb7
86.Rxb5  1/2-1/2

[Event "IX EICC"]
[Site "Plovdiv BUL"]
[Date "2008.04.23"]
[Round "3"]
[White "Chigladze,I"]
[Black "Popov,Iv RUS"]
[Result "0-1"]
[WhiteElo "2384"]
[BlackElo "2594"]

1.d4 d5 2.c4 c6 3.Nf3 Nf6 4.Nc3 dxc4 5.a4 Bf5 6.e3 e6 7.Bxc4 Bb4 8.O-O Nbd7
9.h3 O-O 10.Nh4 Bg6 11.Nxg6 hxg6 12.Qc2 Rc8 13.Rd1 Qe7 14.Na2 Bd6 15.b4 Nd5
16.Bd2 e5 17.dxe5 Qxe5 18.f4 Qe7 19.Bxd5 cxd5 20.Qd3 Nb6 21.a5 Nc4 22.Rab1 Rfd8
23.Kh1 Qe4 24.Bc1 g5 25.Nc3 Qxd3 26.Rxd3 gxf4 27.exf4 Re8 28.Kg1 b6 29.axb6 Nxb6
30.Kf2 Rc4 31.Nxd5 Nxd5 32.Rxd5 Bxb4 33.Be3 a5 34.Rbd1 a4 35.Rd8 Kf8 36.R1d7 Rc2+
37.Kf3 Rc3 38.Rxe8+ Kxe8 39.Rd5 a3 40.Ke4 f5+  0-1

[Event "IX EICC"]
[Site "Plovdiv BUL"]
[Date "2008.04.26"]
[Round "6"]
[White "Galopoulos,N"]
[Black "Georgiadis,I"]
[Result "0-1"]
[WhiteElo "2243"]
[BlackElo "2394"]

1.d4 d5 2.c4 c6 3.Nf3 Nf6 4.Nc3 dxc4 5.a4 Bf5 6.e3 e6 7.Bxc4 Bb4 8.O-O O-O
9.Qe2 Nbd7 10.e4 Bg6 11.Bd3 Bh5 12.e5 Nd5 13.Bd2 c5 14.Nxd5 Bxd2 15.Qxd2 Bxf3
16.gxf3 exd5 17.f4 cxd4 18.Bf5 g6 19.Bh3 Nc5 20.Ra3 Qh4 21.Bg2 d3 22.Qe3 Ne6
23.Qg3 Qxf4 24.Rxd3 d4 25.b4 Rfd8 26.Rfd1 Rac8 27.Bf1 Rc4 28.Rb3 Qxg3+ 29.hxg3 Rc3
30.Rb2 b6 31.Rd3 Rxd3 32.Bxd3 Rc8 33.Kf1 f6 34.exf6 Kf7 35.Ke2 Kxf6 36.Kf3 Ke5
37.Re2+ Kd5 38.Be4+ Kd6 39.Bd3 Rc3 40.Rd2 Rb3 41.b5 Nc5 42.Ke2 Rxd3 43.Rxd3 Nxd3
44.Kxd3 Kd5 45.f3 h6 46.f4 h5  0-1

[Event "IX EICC"]
[Site "Plovdiv BUL"]
[Date "2008.04.26"]
[Round "6"]
[White "Vitiugov,N"]
[Black "Kulaots,K"]
[Result "1-0"]
[WhiteElo "2617"]
[BlackElo "2530"]

1.d4 d5 2.c4 c6 3.Nf3 Nf6 4.Nc3 dxc4 5.a4 Bf5 6.Ne5 Nbd7 7.Nxc4 Nb6 8.Ne3 Bg6
9.a5 Nbd5 10.Qb3 Rb8 11.Nexd5 Nxd5 12.e4 Nxc3 13.bxc3 e6 14.Bd3 Bd6 15.O-O O-O
16.f4 Kh8 17.Be3 Qe8 18.c4 Qd7 19.Kh1 f6 20.Bf2 Rfd8 21.Bc2 Bf8 22.h3 c5
23.d5 exd5 24.exd5 Bxc2 25.Qxc2 Bd6 26.Rab1 Re8 27.Rb5 Rbc8 28.Rbb1 Re7 29.Rfe1 Rxe1+
30.Rxe1 a6 31.Qb1 Bxf4 32.Re6  1-0

[Event "IX EICC"]
[Site "Plovdiv BUL"]
[Date "2008.04.26"]
[Round "6"]
[White "Naumann,A"]
[Black "Pankov,Ger"]
[Result "1/2-1/2"]
[WhiteElo "2523"]
[BlackElo "2349"]

1.d4 d5 2.Nf3 Nf6 3.c4 c6 4.Nc3 dxc4 5.a4 Bf5 6.Ne5 Nbd7 7.Nxc4 Nd5 8.g3 e5
9.dxe5 Nc5 10.Nxd5 cxd5 11.Nd6+ Bxd6 12.exd6 Qxd6 13.Bg2 Rd8 14.O-O O-O 15.Bf4 Qf6
16.Rc1 Ne6 17.Be3 Qxb2 18.Bxa7 Qb4 19.Be3 Be4 20.Bxe4  1/2-1/2

[Event "26th Metz Open"]
[Site "Metz St Symphorien FRA"]
[Date "2008.04.27"]
[Round "9"]
[White "Shchekachev,A"]
[Black "Savchenko,S"]
[Result "1/2-1/2"]
[WhiteElo "2520"]
[BlackElo "2560"]

1.Nf3 d5 2.d4 Nf6 3.c4 c6 4.Nc3 dxc4 5.a4 Bf5 6.e3 e6 7.Bxc4 Bb4 8.O-O Nbd7
9.Qe2 Bg4 10.h3 Bh5 11.Rd1 O-O 12.e4 Re8 13.Bf4 Qa5 14.g4 Bg6 15.Bd3 c5 16.Nb5 cxd4
17.Nc7 e5 18.Nxe8 Rxe8 19.Bg3 a6 20.Nh4 Nc5  1/2-1/2

[Event "IX EICC"]
[Site "Plovdiv BUL"]
[Date "2008.04.27"]
[Round "7"]
[White "Nielsen,PH"]
[Black "Dziuba,M"]
[Result "1-0"]
[WhiteElo "2629"]
[BlackElo "2577"]

1.d4 d5 2.c4 c6 3.Nf3 Nf6 4.Nc3 dxc4 5.a4 Bf5 6.Ne5 Nbd7 7.Nxc4 Nb6 8.Ne5 a5
9.Bg5 h6 10.Bh4 Nbd5 11.Qb3 Qb6 12.Qxb6 Nxb6 13.f3 Bc2 14.e4 e6 15.Bd3 Bb3
16.Bf2 Bb4 17.Ke2 Nfd7 18.Nxd7 Kxd7 19.Na2 Bxa2 20.Rxa2 Kc7 21.Bc2 Rad8 22.Bb3 Rhe8
23.Raa1 f5 24.Rac1 fxe4 25.fxe4 Nd7 26.Rhf1 Nf6 27.e5 Nd5 28.Be3 Nxe3 29.Kxe3 Re7
30.Ke4 Kb6 31.Rcd1 Kc7 32.Rf3 Kd7 33.Rdf1 Rde8 34.Rg3 Rb8 35.Rg6 b5 36.axb5 cxb5
37.d5 exd5+ 38.Bxd5 a4 39.Ra6 Bc5 40.Rc1 Rc8 41.Bb7 Rc7 42.Rd1+ Ke8 43.e6 Ba7
44.Bc6+  1-0

[Event "IX EICC"]
[Site "Plovdiv BUL"]
[Date "2008.04.29"]
[Round "8"]
[White "Bakalarz,M"]
[Black "Kokolias,K"]
[Result "1-0"]
[WhiteElo "2361"]
[BlackElo "2211"]

1.d4 d5 2.c4 c6 3.Nf3 Nf6 4.Nc3 dxc4 5.a4 Bf5 6.Ne5 e6 7.f3 Bb4 8.Nxc4 c5
9.dxc5 Qxd1+ 10.Kxd1 Bxc5 11.e4 Bg6 12.Nb5 Na6 13.Ncd6+ Ke7 14.Nxb7 Bb4 15.Nd4 Bc5
16.Nc6+ Kd7 17.Ne5+ Kc7 18.Bxa6 Bd4 19.Nxg6 hxg6 20.a5 Nd7 21.Ra4  1-0

[Event "IX EICC"]
[Site "Plovdiv BUL"]
[Date "2008.04.29"]
[Round "8"]
[White "Banikas,H"]
[Black "Bratanov,Z"]
[Result "1/2-1/2"]
[WhiteElo "2600"]
[BlackElo "2440"]

1.d4 d5 2.c4 c6 3.Nf3 Nf6 4.Nc3 dxc4 5.a4 Bf5 6.Ne5 Nbd7 7.Nxc4 Qc7 8.g3 e5
9.dxe5 Nxe5 10.Bf4 Nfd7 11.Bg2 g5 12.Ne3 gxf4 13.Nxf5 O-O-O 14.Qc2 Ng6 15.O-O a5
16.Rfc1 Kb8 17.Nd5 Qe5 18.Nxf4 Nxf4 19.gxf4 Qxf4 20.e3 Qc7 21.Rd1 Bb4 22.Rd4 Ne5
23.h3 Rhe8 24.Kh1 Rxd4 25.Nxd4 Ng6 26.Nf5 Rd8 27.Rd1 Rxd1+ 28.Qxd1 Qe5 29.Qc2 Qf6
30.Kg1 Nh4 31.Nxh4 Qxh4 32.b3 Qh5 33.Qc4 Qg6 34.Kh1 h6 35.Be4 Qf6 36.Kg2 Qg5+
37.Kf1 Qh5 38.Kg2 Qg5+ 39.Kf1 Qh5  1/2-1/2

[Event "IX EICC"]
[Site "Plovdiv BUL"]
[Date "2008.04.29"]
[Round "8"]
[White "Atalik,S"]
[Black "Skoberne,J"]
[Result "1-0"]
[WhiteElo "2592"]
[BlackElo "2492"]

1.d4 d5 2.c4 c6 3.Nf3 Nf6 4.Nc3 dxc4 5.a4 Bf5 6.Ne5 e6 7.f3 Bb4 8.e4 Bxe4
9.fxe4 Nxe4 10.Bd2 Qxd4 11.Nxe4 Qxe4+ 12.Qe2 Bxd2+ 13.Kxd2 Qd5+ 14.Kc2 O-O
15.Nxc4 Na6 16.Qe5 Rab8 17.a5 Rfd8 18.Be2 f6 19.Qxd5 cxd5 20.Nd2 Rbc8+ 21.Kb1 f5
22.Bxa6 bxa6 23.Re1 Kf7 24.Ra3 d4 25.Nf3 Kf6 26.Rd3 g5 27.Rxd4 g4 28.Red1 Rxd4
29.Nxd4 e5 30.Ne2 f4 31.Rd7 Kf5 32.Nc3 Rf8 33.Kc1 f3 34.gxf3 gxf3 35.Nd1 Ke4
36.Rxa7 f2 37.Nxf2+ Rxf2 38.Rxa6 Rxh2 39.Rd6 Rh1+ 40.Kc2 h5 41.b4 h4 42.Kb2 Rh2+
43.Kb3 Rh1 44.a6 Ra1 45.b5 h3 46.Rh6 Kd5 47.Kb4 Rb1+ 48.Ka5 Kc4 49.Rh4+ Kc5
50.a7 Rxb5+ 51.Ka4 Rb1 52.Rxh3  1-0

[Event "IX EICC"]
[Site "Plovdiv BUL"]
[Date "2008.04.30"]
[Round "9"]
[White "Bocharov,D"]
[Black "Rusev,K"]
[Result "1-0"]
[WhiteElo "2569"]
[BlackElo "2516"]

1.d4 d5 2.c4 c6 3.Nf3 Nf6 4.Nc3 dxc4 5.a4 Bf5 6.Nh4 e6 7.Nxf5 exf5 8.e3 Nbd7
9.Bxc4 Bd6 10.Qb3 O-O 11.Qxb7 Qe7 12.Qxc6 Rac8 13.Qb5 f4 14.Be2 fxe3 15.Bxe3 Rb8
16.Qd3 Rxb2 17.O-O Qe6 18.Bf3 Ng4 19.Bxg4 Qxg4 20.h3 Qe6 21.Ne4 f5 22.Nxd6 Qxd6
23.Bc1 Rb6 24.Ba3 Qd5 25.Bxf8 Rg6 26.f3 Ne5 27.Qe3  1-0

[Event "Stuttgarter Stadtmeisterschaft A"]
[Site "Ditzingen GER"]
[Date "2008.05.01"]
[Round "1"]
[White "Arounopoulos,M"]
[Black "Reinhart,E"]
[Result "0-1"]
[WhiteElo "2192"]
[BlackElo "2298"]

1.d4 d5 2.Nf3 c6 3.c4 Nf6 4.Nc3 dxc4 5.a4 Bf5 6.Ne5 Nbd7 7.Nxc4 Qc7 8.g3 e5
9.dxe5 Nxe5 10.Bf4 Nfd7 11.Bg2 g5 12.Ne3 gxf4 13.Nxf5 O-O-O 14.Qc2 Nc5 15.O-O Ne6
16.Rad1 Rxd1 17.Rxd1 fxg3 18.hxg3 Kb8 19.Ne4 a5 20.Ned6 Bxd6 21.Rxd6 Rd8
22.Rxd8+ Qxd8 23.Be4 Ng4 24.Bf3 Ne5 25.Be4 h5 26.Kg2 Ng4 27.Bf3 Qf6 28.Bxg4 hxg4
29.Ne3 Qd4 30.Qf5 Qxa4 31.Qxf7 Qe4+ 32.Kg1 Nd4 33.Qg8+ Ka7 34.Qxg4 Qb1+ 35.Kg2 Qxb2
36.Nc4 Qc3 37.Nxa5 Kb6 38.e3 Nb5 39.Nc4+ Kc5 40.Qc8 Qxc4 41.Qxb7 Qe4+ 42.Kg1 Kb4
43.Kh2 Qf3 44.Kh3 Qf5+ 45.g4 Qf3+ 46.Kh4 Qxf2+ 47.Kh5 Qh2+ 48.Kg6 Qd6+ 49.Kf7 Qd5+
50.Kg6 Qe6+ 51.Kh5 Kc5 52.g5 Qh3+ 53.Kg6 Qxe3 54.Kh5 Qf3+ 55.Kh6 Nd4 56.Qa7+ Kd5
57.Qd7+ Kc4 58.g6 Qf4+ 59.Kh7 Qe4 60.Qf7+ Ne6 61.Kg8 Qd5 62.Qf1+ Kc5 63.Kh7 Qh5+  0-1

[Event "IX EICC"]
[Site "Plovdiv BUL"]
[Date "2008.05.01"]
[Round "10"]
[White "Kotanjian,T"]
[Black "Skoberne,J"]
[Result "1-0"]
[WhiteElo "2570"]
[BlackElo "2492"]

1.d4 d5 2.c4 c6 3.Nf3 Nf6 4.Nc3 dxc4 5.a4 Bf5 6.Ne5 e6 7.f3 Bb4 8.e4 Bxe4
9.fxe4 Nxe4 10.Bd2 Qxd4 11.Nxe4 Qxe4+ 12.Qe2 Bxd2+ 13.Kxd2 Qd5+ 14.Kc2 O-O
15.Nxc4 b5 16.Ne3 Qe5 17.Kc1 Nd7 18.Nc2 Qc7 19.Qe3 a5 20.axb5 cxb5 21.Bxb5 Rfc8
22.Qe2 Nc5 23.Ra3 Rab8 24.Rc3 Qb7 25.Na3 Nb3+ 26.Kb1 Nd4 27.Rxc8+ Rxc8 28.Ba6 Qc6
29.Qe5 Qxg2 30.Rd1 Rd8 31.Qxa5 Rd5 32.Qc7 g5 33.Bb7 Qe2 34.Rg1 Qe3 35.Rg3 Qe1+
36.Ka2 Ne2 37.Rxg5+ Kf8 38.Nc2 Qd2 39.Rxd5 exd5 40.Qc5+ Kg8 41.Bxd5 Nc1+
42.Kb1 Nd3 43.Qg1+ Kf8 44.Bc4  1-0

[Event "IX EICC"]
[Site "Plovdiv BUL"]
[Date "2008.05.01"]
[Round "10"]
[White "Elkin,L"]
[Black "Georgiadis,I"]
[Result "0-1"]
[WhiteElo "2213"]
[BlackElo "2394"]

1.d4 d5 2.c4 c6 3.Nf3 Nf6 4.Nc3 dxc4 5.a4 Bf5 6.Ne5 e6 7.f3 Bb4 8.e4 Bxe4
9.fxe4 Nxe4 10.Bd2 Qxd4 11.Nxe4 Qxe4+ 12.Qe2 Bxd2+ 13.Kxd2 Qd5+ 14.Kc2 Na6
15.Nxc4 O-O 16.Rd1 Qf5+ 17.Kb3 Rfd8 18.Rxd8+ Rxd8 19.Qf3 Qb1 20.g3 b5 21.Na3 Nc5+
22.Kb4 Qxb2+ 23.Kxc5 Qd4+  0-1

[Event "Stuttgarter Stadtmeisterschaft A"]
[Site "Ditzingen GER"]
[Date "2008.05.02"]
[Round "3"]
[White "Schulte,T"]
[Black "Reinhart,E"]
[Result "0-1"]
[WhiteElo "2185"]
[BlackElo "2298"]

1.d4 d5 2.c4 c6 3.Nf3 Nf6 4.Nc3 dxc4 5.a4 Bf5 6.Ne5 Nbd7 7.Nxc4 Qc7 8.g3 e5
9.dxe5 Nxe5 10.Bf4 Nfd7 11.Bg2 g5 12.Ne3 gxf4 13.Nxf5 O-O-O 14.Qc2 Nc5 15.O-O Ne6
16.Rad1 Rxd1 17.Rxd1 fxg3 18.hxg3 Kb8 19.Ne4 a5 20.b3 Bb4 21.Nd4 Nxd4 22.Rxd4 Qe7
23.Qc1 f5 24.Ng5 Bc5 25.Rd1 Ng4 26.Qf4+ Ka8 27.Ne4 Bb6 28.Qxf5 Nxf2 29.Nxf2 Rf8
30.Rd7 Qe8 31.Qg4 h5 32.Qg7 Rxf2 33.Kh1 Qxe2 34.Qg8+ Ka7 35.Qc8 Rf1+ 36.Kh2 Bg1+
37.Kh1 Bf2+ 38.Kh2 Bxg3+ 39.Kxg3 Qg4+ 40.Kh2 Qh4+ 41.Bh3 Rf2+  0-1

[Event "IX EICC"]
[Site "Plovdiv BUL"]
[Date "2008.05.02"]
[Round "11"]
[White "Nikolov,M"]
[Black "Yordanov,N"]
[Result "1-0"]
[WhiteElo "2488"]
[BlackElo "2296"]

1.d4 d5 2.Nf3 Nf6 3.c4 c6 4.Nc3 dxc4 5.a4 Bf5 6.e3 e6 7.Bxc4 Bb4 8.O-O Nbd7
9.Qe2 Bg4 10.h3 Bh5 11.Rd1 O-O 12.e4 Re8 13.e5 Nd5 14.Ne4 Be7 15.Bd2 a5 16.Rac1 Qb6
17.Bg5 Bf8 18.Ng3 Bxf3 19.Qxf3 h6 20.Be3 Qxb2 21.Rb1 Qc2 22.Bd3 Qxa4 23.Rxb7 Re7
24.Rbb1 Nb4 25.Ra1 Qb3 26.Bxh6 Nxd3 27.Rxd3 Qb2 28.Re1 gxh6 29.Nh5 Kh8 30.Qg4 Qc2
31.Ree3 Rd8 32.f4 f5 33.exf6 Rh7 34.Rg3 Bb4 35.Qxe6 Rf8 36.Qf5 Be1 37.Rg7 Qf2+
38.Kh2 Nxf6 39.Rxh7+ Nxh7 40.Qe5+ Nf6 41.Nxf6 Rxf6 42.Qxf6+ Kh7 43.Qf5+ Kh8
44.Qe5+ Kh7 45.Re3 Bb4 46.Rg3  1-0

[Event "ch-UZB"]
[Site "Tashkent UZB"]
[Date "2008.05.03"]
[Round "10"]
[White "Barsov,A"]
[Black "Niyazmetov,R"]
[Result "1-0"]
[WhiteElo "2480"]
[BlackElo "2202"]

1.d4 d5 2.c4 c6 3.Nf3 Nf6 4.Nc3 dxc4 5.a4 Bf5 6.Ne5 Nbd7 7.Nxc4 Qc7 8.Bg5 Rd8
9.e3 e5 10.Bh4 Bb4 11.a5 exd4 12.exd4 O-O 13.Be2 c5 14.O-O cxd4 15.Nb5 Qc6
16.Nxd4 Qe4 17.Nxf5 Qxf5 18.Qb3 Qe4 19.Qxb4 Qxe2 20.Nd6 b6 21.a6 Nd5 22.Qd4 N7f6
23.Rfe1 Qh5 24.Re5 Qg4 25.Rxd5 Qe2 26.Bxf6  1-0

[Event "43rd Capablanca Memorial Open"]
[Site "Havana CUB"]
[Date "2008.05.10"]
[Round "3"]
[White "Almeida Quintana,O"]
[Black "Uribe,M"]
[Result "1/2-1/2"]
[WhiteElo "2527"]
[BlackElo "2406"]

1.d4 d5 2.Nf3 Nf6 3.c4 c6 4.Nc3 dxc4 5.a4 Bf5 6.e3 e6 7.Bxc4 Bb4 8.O-O Nbd7
9.Nh4 Bg6 10.Nxg6 hxg6 11.g3 Qa5 12.Qe2 Qh5 13.f3 e5 14.a5 O-O 15.d5 Bxc3
16.dxc6 bxc6 17.bxc3 e4 18.fxe4 Ne5 19.Qxh5 gxh5 20.Be2 Nxe4 21.Bxh5 g6 22.Be2 Nxc3
23.Ba6 Rab8 24.Ba3 Rfd8 25.Rf2 Rb3 26.Rc2 Nd5 27.Rb2 Rc3 28.e4 Ne3 29.Be2 Nc2
30.Be7 Re8 31.Rc1  1/2-1/2

[Event "Mayors Cup Open"]
[Site "Mumbai IND"]
[Date "2008.05.12"]
[Round "2"]
[White "Hrishikesh,C"]
[Black "Soumya,Sw"]
[Result "0-1"]
[WhiteElo "2008"]
[BlackElo "2303"]

1.d4 d5 2.c4 c6 3.Nc3 Nf6 4.Nf3 dxc4 5.a4 Bf5 6.e3 e6 7.Bxc4 Bb4 8.O-O Nbd7
9.Bd2 Qb6 10.Na2 Bd6 11.Bc3 a5 12.h3 Ne4 13.Bd3 O-O 14.Bxe4 Bxe4 15.Nd2 Bd3
16.Re1 e5 17.Nc1 Ba6 18.Ne4 Bb8 19.d5 Bc4 20.dxc6 Qxc6 21.Nd2 Be6 22.Qf3 Qc7
23.e4 f5 24.Nd3 Ba7 25.Rac1 Qd6 26.Qe2 f4 27.Red1 Qa6 28.Qf1 Bb8 29.Ne1 Qxf1+
30.Kxf1 Nc5 31.f3 Nxa4 32.Nd3 Nxc3 33.Rxc3 Ba7 34.Rc7 Rfd8 35.Nxe5 Bb3 36.Ke2 Bxd1+
37.Kxd1 Bb8 38.Rc5 b6 39.Rb5 Bxe5 40.Rxe5 Rd4 41.Ke2 Rad8  0-1

[Event "Mayors Cup Open"]
[Site "Mumbai IND"]
[Date "2008.05.12"]
[Round "2"]
[White "Babu,NS"]
[Black "Singh,Ash1"]
[Result "1-0"]
[WhiteElo "2356"]
[BlackElo "2067"]

1.d4 d5 2.c4 c6 3.Nf3 Nf6 4.Nc3 dxc4 5.a4 Bf5 6.Nh4 Bg6 7.Nxg6 hxg6 8.e3 e6
9.Bxc4 Bb4 10.O-O Qc7 11.f4 Nbd7 12.h3 a5 13.Qf3 Nb6 14.Be2 Rd8 15.Rd1 Kf8
16.Kh1 Qe7 17.Na2 Kg8 18.Nxb4 axb4 19.e4 Rh4 20.a5 Nc8 21.Kh2 Nd6 22.e5 Ng4+
23.Kg1 Nf5 24.hxg4 Nxd4 25.Rxd4 Rxd4 26.Be3 Rd8 27.Qf2 Rh8 28.Bc5 Qd7 29.Bxb4 Qd4
30.Qxd4 Rxd4 31.Bc3 Rxf4 32.a6 bxa6 33.Rxa6 c5 34.Rc6 Re4 35.Kf2 Rh1 36.Rxc5 Rc1
37.Rc8+ Kh7 38.Rc4 Rxc4 39.Bxc4 Rc2+ 40.Be2 Kg8 41.Ke3 Rc1 42.Kd2 Rg1 43.Bf3 Kf8
44.b4 Ke7 45.b5 Kd7 46.Kc2 Rh1 47.b6 Rh8 48.g5 Rc8 49.b7 Rb8 50.Bb4 f6 51.gxf6 gxf6
52.exf6 e5 53.f7  1-0

[Event "43rd Capablanca Memorial Open"]
[Site "Havana CUB"]
[Date "2008.05.14"]
[Round "7"]
[White "Alvarez Pedraza,A"]
[Black "Uribe,M"]
[Result "1/2-1/2"]
[WhiteElo "2420"]
[BlackElo "2406"]

1.d4 Nf6 2.c4 c6 3.Nc3 d5 4.Nf3 dxc4 5.a4 Bf5 6.e3 e6 7.Bxc4 Bb4 8.Ne5 Nbd7
9.Nxd7 Nxd7 10.O-O O-O 11.Qb3 Qb6 12.Rd1 Bg6 13.Bd2 a5 14.Rac1 Rfe8 15.Be1 Bd6
16.Qa2 Nf6 17.h3 Nd5 18.Nb1 Qd8 19.Qb3 Bxb1 20.Rxb1 Bb4 21.e4 Bxe1 22.Rxe1 Nb4
23.Rbd1 Qg5 24.g3 Rad8 25.f4 Qf6 26.Qc3 Re7 27.Rd2 Red7 28.Red1 h6 29.Qe3 Kh8
30.g4 g6 31.Kh1 Kh7 32.Kg1 Qh4 33.Kg2 c5 34.d5 exd5 35.Qxc5 Qf6 36.Qf2 dxc4
37.Rxd7 Nd3 38.R1xd3 cxd3 39.Rxd8 Qxd8 40.Qd2 Qd4 41.Kf3 Qxa4 42.Qxd3  1/2-1/2

[Event "43rd Capablanca Memorial Open"]
[Site "Havana CUB"]
[Date "2008.05.15"]
[Round "8"]
[White "Borges Mateos,J"]
[Black "Kiss,Pa1"]
[Result "1-0"]
[WhiteElo "2474"]
[BlackElo "2370"]

1.Nf3 d5 2.d4 Nf6 3.c4 c6 4.Nc3 dxc4 5.a4 Bf5 6.e3 e6 7.Bxc4 Bb4 8.O-O O-O
9.Qe2 Nbd7 10.Rd1 Bg6 11.h3 Qe7 12.Nh4 e5 13.Nxg6 hxg6 14.Qc2 e4 15.a5 b5
16.axb6 axb6 17.Bd2 g5 18.Be2 c5 19.Nb5 cxd4 20.Nxd4 Bxd2 21.Qxd2 Rxa1 22.Rxa1 g6
23.Nc6 Qe6 24.Qc3 Nc5 25.Nd4 Qe5 26.Qc4 Ncd7 27.b4 Qd5 28.Qb5 Rc8 29.Qa6 Rb8
30.Qa7 Qb7 31.Bb5 Ne5 32.Nc6 Nxc6 33.Bxc6 Qxa7 34.Rxa7 b5 35.Re7 Rc8 36.Bxb5 Nd5
37.Rxe4 Rb8 38.Bc4 Nxb4 39.Re7 Rf8 40.Rc7 Kg7 41.Kf1  1-0

[Event "Mayors Cup Open"]
[Site "Mumbai IND"]
[Date "2008.05.15"]
[Round "6"]
[White "Himanshu,Sh"]
[Black "Reefat,S"]
[Result "0-1"]
[WhiteElo "2412"]
[BlackElo "2487"]

1.Nf3 d5 2.d4 Nf6 3.c4 c6 4.Nc3 dxc4 5.a4 Bf5 6.e3 e6 7.Bxc4 Bb4 8.O-O O-O
9.Qe2 Nbd7 10.e4 Bg6 11.Bd3 h6 12.Bf4 Re8 13.Rfd1 Rc8 14.h3 a6 15.Bg3 Qb6
16.Ne5 Nxe5 17.dxe5 Bh5 18.Qd2 Nd7 19.Be2 Bxe2 20.Qxe2 Nc5 21.Kh2 a5 22.Bf4 Qa6
23.Qg4 Kh7 24.Be3 Nd3 25.Qh5 Rc7 26.Qe2 Rd7 27.f4 Red8 28.f5 Nxb2 29.Qxa6 bxa6
30.Rxd7 Rxd7 31.Ne2 c5 32.Nf4 Nd1 33.fxe6 fxe6 34.Bc1 Bc3 35.Ra3 Bxe5 36.g3 c4
37.Nxe6 Re7 38.Nf4 Rb7 39.Kg2 Rb3 40.Ra2 g5 41.Ne2 c3 42.Kf1 Rb1 43.Kg2 Rb2  0-1

[Event "TCh-ISR"]
[Site "Israel ISR"]
[Date "2008.05.16"]
[Round "8"]
[White "Lerner,K"]
[Black "Kaplan,S"]
[Result "1-0"]
[WhiteElo "2513"]
[BlackElo "2428"]

1.d4 d5 2.c4 c6 3.Nf3 Nf6 4.Nc3 dxc4 5.a4 Bf5 6.e3 e6 7.Bxc4 Bb4 8.O-O O-O
9.Nh4 Bg4 10.f3 Bh5 11.g4 Nd5 12.Ng2 Bg6 13.Na2 Be7 14.e4 Nf6 15.Nc3 Nbd7
16.h4 h6 17.Nf4 Bh7 18.g5 Ne8 19.g6 Bxg6 20.Nxg6 fxg6 21.Bxe6+ Kh7 22.f4 Bxh4
23.Qg4 Be7 24.e5 Nb6 25.f5 gxf5 26.Bxf5+ Kh8 27.a5 Nc4 28.Be6 Rxf1+ 29.Kxf1 b5
30.axb6 Nxb6 31.Bxh6  1-0

[Event "Mayors Cup Open"]
[Site "Mumbai IND"]
[Date "2008.05.16"]
[Round "8"]
[White "Hegde,R1"]
[Black "Anuprita,P"]
[Result "0-1"]
[WhiteElo "2233"]
[BlackElo "2062"]

1.Nf3 d5 2.d4 Nf6 3.c4 c6 4.Nc3 dxc4 5.a4 Bf5 6.g3 e6 7.Bg2 Nd5 8.O-O Nxc3
9.bxc3 Be4 10.Bh3 c5 11.Ng5 Bc6 12.e4 Be7 13.Qh5 g6 14.Qg4 h5 15.Qh4 cxd4
16.cxd4 Qxd4 17.Be3 Qe5 18.Rad1 O-O 19.Bg2 Bxa4 20.g4 Bxd1 21.Rxd1 Qh8 22.e5 Nc6
23.Bxc6 bxc6 24.Rd7 Bxg5 25.Qxg5 hxg4 26.Qxg4 Rfd8 27.Rb7 Qxe5 28.Rb1 Qf5  0-1

[Event "Kaupthing Open"]
[Site "Differdange LUX"]
[Date "2008.05.17"]
[Round "9"]
[White "Henrichs,T"]
[Black "Thorfinnsson,Br"]
[Result "1-0"]
[WhiteElo "2497"]
[BlackElo "2408"]

1.d4 d5 2.c4 c6 3.Nf3 Nf6 4.Nc3 dxc4 5.a4 Bf5 6.e3 e6 7.Bxc4 Bb4 8.O-O Nbd7
9.Qe2 Ne4 10.Nxe4 Bxe4 11.Rd1 O-O 12.Bd3 Bxd3 13.Rxd3 Qa5 14.Bd2 c5 15.Bxb4 Qxb4
16.Qc2 Rfc8 17.Rc3 b6 18.Rc4 Qa5 19.b4 Qa6 20.Rc1 Rc7 21.Ng5 Nf6 22.dxc5 bxc5
23.bxc5 Rac8 24.Ne4 Nxe4 25.Qxe4 Rc6 26.h4 Qb7 27.h5 h6 28.Qe5 Qe7 29.g3 Kh8
30.Kg2 Qb7 31.e4 Qe7 32.R1c2 Qe8 33.Qf4 e5 34.Qf3 f6 35.Qf5 Qf8 36.Qd7 R8c7
37.Qd5 Qc8 38.R4c3 Rd7 39.Qb3 Rdc7 40.Qd5 Rd7 41.Qb3 Rdc7 42.Rd2 Kh7 43.Rcd3 Qg8
44.Qd1 Rc8 45.Rd8 Qe6 46.R8d6 Rxd6 47.cxd6 Qd7 48.Rd5 Rc6 49.Qd3 a6 50.a5 Kg8
51.Qb3 Kh7 52.Qa4  1-0

[Event "Mayors Cup Open"]
[Site "Mumbai IND"]
[Date "2008.05.18"]
[Round "10"]
[White "Roktim,B"]
[Black "Nadig,K"]
[Result "0-1"]
[WhiteElo "2396"]
[BlackElo "2213"]

1.d4 d5 2.Nf3 Nf6 3.c4 c6 4.Nc3 dxc4 5.a4 Bf5 6.e3 e6 7.Bxc4 Nbd7 8.Qe2 Bb4
9.O-O O-O 10.e4 Bg6 11.Bd3 c5 12.e5 cxd4 13.exf6 dxc3 14.fxg7 Kxg7 15.Rd1 Qc7
16.bxc3 Bxc3 17.Bb2 Bxb2 18.Qxb2+ Kg8 19.Rac1 Nc5 20.Ne5 Nxd3 21.Rxd3 Qa5
22.Nxg6 hxg6 23.Rh3 e5 24.Rhc3 Rad8 25.Qb3 Rd4 26.Rc4 Rfd8 27.g3 Rxc4 28.Qxc4 b6
29.Qb5 Qd2 30.Rf1 Rd5 31.Qe8+ Kg7 32.h4 Qe2 33.Qe7 Ra5 34.Qb4 Qa2 35.Re1 Qxa4
36.Qxa4 Rxa4 37.Rxe5 Ra2 38.Rb5 Kf6 39.Kg2 Ke6 40.g4 Ra5 41.Rb2 Rc5 42.Kf3 Kd6
43.Kf4 Kc6 44.f3 a5 45.Rh2 g5+ 46.hxg5 a4 47.Rh6+ Kb5 48.g6 fxg6 49.Rxg6 a3
50.Rh6 Rc1 51.Rh2 Kb4 52.g5 Kb3 53.g6 Rg1  0-1

[Event "ch-LTU"]
[Site "Kaunas LTU"]
[Date "2008.05.20"]
[Round "5"]
[White "Sarakauskas,G"]
[Black "Vaznonis,V"]
[Result "1/2-1/2"]
[WhiteElo "2449"]
[BlackElo "2417"]

1.d4 d5 2.c4 c6 3.Nf3 Nf6 4.Nc3 dxc4 5.a4 Bf5 6.Ne5 e6 7.f3 c5 8.e4 Bg6 9.Bxc4 cxd4
10.Bb5+ Nfd7 11.Qxd4 a6 12.Bxd7+ Nxd7 13.Nxg6 hxg6 14.Be3 Qc7 15.Rd1 Rd8
16.h3 Qg3+ 17.Kf1 Be7 18.Bf2 Qc7 19.Qe3 O-O 20.Rc1 Bc5 21.Qe2 Bd6 22.Be3 Qb8
23.h4 Nc5 24.h5 gxh5 25.Rxh5 Nb3 26.Rd1 Bf4 27.e5 Bxe5 28.Bb6 Bc7 29.Qc2 g6
30.Rg5 Rxd1+ 31.Nxd1 Bxb6 32.Rxg6+ fxg6  1/2-1/2

[Event "NAO Open"]
[Site "Oklahoma USA"]
[Date "2008.05.26"]
[Round "8"]
[White "Holt,C"]
[Black "Holliman,B"]
[Result "1/2-1/2"]
[WhiteElo "2175"]
[BlackElo "2162"]

1.d4 d5 2.c4 c6 3.Nf3 Nf6 4.Nc3 dxc4 5.a4 Bf5 6.e3 e6 7.Bxc4 Bb4 8.O-O O-O
9.Qe2 Nbd7 10.e4 Bg6 11.e5 Nd5 12.Ne4 Be7 13.a5 b5 14.axb6 axb6 15.Rxa8 Qxa8
16.Bg5 Bxg5 17.Nfxg5 h6 18.Nf3 c5 19.Nd6 Bh5 20.Bb5 Rd8 21.Qe4 cxd4 22.Bxd7 Rxd7  1/2-1/2

[Event "Doroshkevich mem"]
[Site "Maykop RUS"]
[Date "2008.05.29"]
[Round "6"]
[White "Lastin,A"]
[Black "Skorchenko,D"]
[Result "1-0"]
[WhiteElo "2622"]
[BlackElo "2502"]

1.d4 d5 2.c4 c6 3.Nf3 Nf6 4.Nc3 dxc4 5.a4 Bf5 6.Ne5 Nbd7 7.Nxc4 Nb6 8.Ne5 a5
9.f3 Nfd7 10.Nxd7 Nxd7 11.e4 Bg6 12.f4 e6 13.Bc4 Nf6 14.Qd3 Bb4 15.f5 exf5
16.exf5 Qe7+ 17.Kf1 Bh5 18.h3 O-O-O 19.g4 Nxg4 20.hxg4 Bxg4 21.Bf4 Qf6 22.Be5 Qg5
23.Qg3 Qxf5+ 24.Kg2 Qc2+ 25.Kg1 h5 26.Rh2 Qg6 27.Rf1 f5 28.Ne2 h4 29.Nf4 hxg3
30.Rxh8 Rxh8 31.Nxg6 Rh2 32.Bxg3 Rxb2 33.Be6+ Kd8 34.Bxf5 Bxf5 35.Rxf5 Rd2
36.Rf7 Bc3 37.Rxb7 Bxd4+ 38.Kf1 Ra2 39.Ne7 c5 40.Nd5 c4 41.Bh4+ Ke8 42.Nc7+ Kd7
43.Nb5+ Kc6 44.Rc7+ Kb6 45.Rxc4  1-0